| 000 | 00755nam a22002057a 4500 | ||
|---|---|---|---|
| 999 |
_c7801 _d7801 |
||
| 003 | AR-CdUCM | ||
| 008 | 190321b ||||| |||| 00| 0 spa d | ||
| 040 |
_aMUNICIPALIDAD PROVINCIAL DEL CUSCO _cBIBLIOTECA MUNICIPAL DEL CUSCO |
||
| 082 |
_a378.5 / _bM53 |
||
| 100 |
_aMichaux, Leon _922053 |
||
| 245 | _aPsiquiatría infantil / | ||
| 260 |
_aBarcelona : _bMiracle, _c1957. |
||
| 300 |
_a173 Páginas ; _c24 cm. |
||
| 505 | _aContenido : Transtornos del desarrollo Psicomotor -- Desarrollo psicomotor del niño normal -- Etiología de las anomalías del desarrollo psicomotor -- Anomalías del desarrollo psicomotor ... | ||
| 650 |
_aMotricidad _922054 |
||
| 650 |
_aPsicomotor _922055 |
||
| 650 |
_aNiño _922056 |
||
| 942 |
_2ddc _cLIBROS |
||
| 945 | _arah | ||